000 00524nam a22001577a 4500
005 20251108171811.0
008 250721s1984 xx 000 0 ara d
082 1 4 _a400/ميش
100 1 _aزكريا، ميشال
245 1 0 _aالألسنية :
_bعلم اللغة الحديث ، قراءات تمهيدية /
264 1 _aبيروت :
_bالمؤسسة الجامعية للدراسات و النشر و التوزيع،
_c1984.
300 _a303ص
650 1 7 _aاللغات
942 _2ddc
_cBK
999 _c62873
_d62873